00466nam a22001697a 450000500170000001000290001702000260004603500170007203700210008908200110011010000170012124500400013826000330017827000560021130000230026750500060029020180612170601.0 a1718EN-30 B-689187-199 c195.00a9788183822336 aB-689187-199 bLotus pressadpl a808.88 aAhuja, Simar aMeaningful quotes /cby Ahuja Simar aNew DelhibLotus Pressc2017 a4263/3, Ansari Road, Darya Ganj,bNew Delhie110002 a366p.c22cm (pbk)  a